| 000 | 01672cam a22001934a 4500 | ||
|---|---|---|---|
| 005 | 20250605164109.0 | ||
| 008 | 250528s ||||||||||||||||||||||||d | ||
| 035 | _a17845 | ||
| 020 | _a9789604697557 | ||
| 040 |
_aGR-AtMCL _bgre _dGR-AtMCL _eAACR2 |
||
| 245 | 1 |
_aΕισαγωγή στην Ψυχανάλυση / Sigmund Freud. _nΤόμος Β' |
|
| 260 |
_bΒήμα, _c2010 |
||
| 300 | _a210 | ||
| 520 | _aΟ Φρόιντ επέφερε σημαντικό πλήγμα στο επιστημονικό ορθολογιστικό κατεστημένο της εποχής, που ήθελε τον άνθρωπο να ελέγχει με τη λογική τη συμπεριφορά του, ενώ συνέβαλε τα μέγιστα στη θεραπεία των ψυχικών παθήσεων. Γενική Θεωρία των Νευρώσεων, Ψυχανάλυση και Ψυχιατρική, Η Σημασία των Συμπτωμάτων, Καθήλωση στα Τραύματα - Το Ασυνείδητο, Αντίσταση και Απώθηση, Η Σεξουαλική Ζωή του Ανθρώπου, Ανάπτυξη της Λίμπιντο και Σεξουαλικές Οργανώσεις, Όψεις της Ανάπτυξης και της Επαναστροφής - Αιτιολογία, Τρόποι Σχηματισμού των Συμπτωμάτων, Συνηθισμένη Νευρικότητα, Άγχος, Η Θεωρία της Λίμπιντο: Ναρκισσισμός, Μεταβίβαση, Η Ψυχαναλυτική Θεραπεία. | ||
| 700 | 1 |
_aFreud Sigmund _9241 |
|
| 942 | _cBK | ||
| 999 |
_c3245 _d3245 |
||